[Event "TCh-ESP Div Honor 2016"]
[White "Baklan, Vladimir"]
[Black "Iturrizaga Bonelli, Eduardo"]
[Site "Monzon ESP"]
[Result "1/2-1/2"]
[Date "2016.09.28"]
[WhiteElo "2619"]
[BlackElo "2650"]
[PlyCount "76"]

1. e4 c6 2. d4 d5 3. e5 Bf5 4. Nf3 e6 5. Be2 Bb4+ 6. c3 Ba5 7. 0-0 Nd7 8. Re1 Bc7 9. Na3 Ne7 10. Nc2 0-0 11. Bd3 f6 12. Bxf5 Nxf5 13. g3 h6 14. b3 fxe5 15. Nxe5 Nxe5 16. dxe5 Bb6 17. Nd4 Qe7 18. a4 c5 19. Nxf5 Rxf5 20. a5 Bc7 21. f4 g5 22. c4 Rd8 23. Qe2 gxf4 24. Bxf4 Qg7 25. Kh1 h5 26. a6 bxa6 27. cxd5 Rxd5 28. Qxa6 Bb6 29. Qc8+ Kf7 30. Qb7+ Kg6 31. Qc6 Qd7 32. Qxd7 Rxd7 33. Rad1 Rd4 34. Kg2 Rf8 35. Rxd4 cxd4 36. Rc1 Rd8 37. Kf3 Rd5 38. Ke4 Rb5 1/2-1/2

[Event "TCh-ESP Div Honor 2016"]
[White "Quesada Perez, Yuniesky"]
[Black "Kuzubov, Yuriy"]
[Site "Monzon ESP"]
[Result "1/2-1/2"]
[Date "2016.09.28"]
[WhiteElo "2636"]
[BlackElo "2629"]
[PlyCount "80"]

1. e4 c5 2. Nf3 Nc6 3. Bb5 g6 4. Bxc6 bxc6 5. 0-0 Bg7 6. Re1 Nh6 7. c3 0-0 8. h3 f5 9. e5 Nf7 10. d3 Rb8 11. Na3 Ba6 12. Nc4 Bxc4 13. dxc4 d6 14. e6 Ne5 15. Nxe5 Bxe5 16. Bh6 Bg7 17. Bxg7 Kxg7 18. Rb1 Qa5 19. a4 Rfd8 20. Qc2 d5 21. b4 Qc7 22. cxd5 cxd5 23. Qd3 cxb4 24. Qd4+ Kg8 25. Rxb4 Rxb4 26. Qxb4 Qd6 27. Qd4 Qb6 28. Re5 Qxd4 29. cxd4 Kg7 30. g4 Kf6 31. Kg2 Rd6 32. a5 Rxe6 33. g5+ Kf7 34. Rxd5 Rd6 35. Rxd6 exd6 36. d5 Ke7 37. Kf3 Kd7 38. Ke3 Kc7 39. Kd4 Kb7 40. Kc4 a6 1/2-1/2

[Event "TCh-ESP Div Honor 2016"]
[White "Forcen Esteban, Daniel"]
[Black "Arizmendi Martinez, Julen Luis"]
[Site "Monzon ESP"]
[Result "1-0"]
[Date "2016.09.28"]
[WhiteElo "2540"]
[BlackElo "2489"]
[PlyCount "143"]

1. e4 c5 2. Nf3 e6 3. d4 cxd4 4. Nxd4 Nc6 5. Nc3 Qc7 6. Be3 a6 7. Qf3 d6 8. 0-0-0 Bd7 9. Qg3 Nf6 10. Kb1 Rc8 11. Bd3 Ne5 12. f4 Nxd3 13. cxd3 Be7 14. Rc1 0-0 15. e5 dxe5 16. Nd5 Nxd5 17. Rxc7 Rxc7 18. fxe5 Nxe3 19. Qxe3 Rfc8 20. Ne2 Bc6 21. Qg3 Ba4 22. Nc3 Bc6 23. Rc1 Rd8 24. Ne4 Bxe4 25. dxe4 Rxc1+ 26. Kxc1 Rc8+ 27. Kb1 h5 28. Qe3 Rc5 29. Qd4 a5 30. Qd7 Bf8 31. Qxb7 Rxe5 32. Kc2 f5 33. exf5 exf5 34. Kd3 g6 35. a3 f4 36. Kd2 Rg5 37. Kd1 Rf5 38. Kc2 Rg5 39. Kd3 Re5 40. Qc7 Rf5 41. Ke4 Rc5 42. Qb6 Rg5 43. Kf3 Kh7 44. Kxf4 Kh6 45. Qd8 Rf5+ 46. Ke4 Bg7 47. Qb6 Kh7 48. b4 axb4 49. axb4 Rg5 50. Kf3 Rf5+ 51. Ke2 Be5 52. h3 h4 53. b5 Bg3 54. Qa7+ Kh6 55. Qe3+ Kg7 56. Qb6 Rf7 57. Qd4+ Kh7 58. b6 Rf8 59. b7 Kh6 60. Qc5 Kg7 61. Kd3 Rd8+ 62. Kc4 Rf8 63. Qd4+ Kh7 64. Kb5 Rf5+ 65. Kc6 Rf8 66. Qb2 Kg8 67. Kd7 Rf7+ 68. Ke6 Rf8 69. Qc3 Bf4 70. Qc4 Bg3 71. Ke7+ Kg7 72. Qc3+ 1-0

[Event "TCh-ESP Div Honor 2016"]
[White "Ramiro Ovejero, Juan Luis"]
[Black "Santos Ruiz, Miguel"]
[Site "Monzon ESP"]
[Result "1/2-1/2"]
[Date "2016.09.28"]
[WhiteElo "2379"]
[BlackElo "2472"]
[PlyCount "68"]

1. e4 c5 2. Nf3 d6 3. Bb5+ Nd7 4. 0-0 a6 5. Bxd7+ Bxd7 6. d4 cxd4 7. Qxd4 e5 8. Qd3 Rc8 9. c4 Qc7 10. b3 b5 11. Nfd2 Nf6 12. Nc3 Be7 13. a4 0-0 14. axb5 axb5 15. Nxb5 Bxb5 16. cxb5 d5 17. exd5 Rfd8 18. Nc4 Nxd5 19. Qf3 Qb8 20. Bb2 Bf6 21. Rad1 Qxb5 22. Bxe5 Bxe5 23. Nxe5 Nf6 24. Nc6 Rxd1 25. Rxd1 Re8 26. g3 h6 27. Nd4 Qb4 28. Nf5 Re6 29. Kg2 g6 30. Rd8+ Kh7 31. Nd4 Rb6 32. Nc6 Qe4 33. Qxe4 Nxe4 34. Rd4 Nxg3 1/2-1/2

[Event "TCh-ESP Div Honor 2016"]
[White "Inarkiev, Ernesto"]
[Black "Anton Guijarro, David"]
[Site "Monzon ESP"]
[Result "1-0"]
[Date "2016.09.28"]
[WhiteElo "2732"]
[BlackElo "2630"]
[PlyCount "120"]

1. e4 c6 2. d4 d5 3. e5 Bf5 4. Nf3 e6 5. Be2 Ne7 6. 0-0 h6 7. Nbd2 Nd7 8. Nb3 g5 9. Ne1 Qc7 10. Bh5 Rg8 11. Nd3 Ng6 12. Ne1 Nh8 13. Bg4 Bh7 14. f4 gxf4 15. Bxf4 c5 16. c3 0-0-0 17. Rc1 Kb8 18. Nc2 c4 19. Nd2 Bd3 20. Rf2 Be7 21. Ne1 Ng6 22. Nxd3 cxd3 23. Be3 Qb6 24. Nf3 f5 25. Bh3 Qa6 26. Bxh6 Rh8 27. Qd2 Qxa2 28. Bg5 Rdg8 29. Kh1 Bxg5 30. Nxg5 Qa6 31. Rd1 Rh5 32. g4 Rh4 33. gxf5 exf5 34. Bxf5 Ndxe5 35. dxe5 Nxe5 36. Nf3 Nxf3 37. Rxf3 d4 38. Qxd3 Qc6 39. Rg1 Re8 40. cxd4 Rxd4 41. Qf1 a5 42. Bh3 Qb6 43. Rf8 Rxf8 44. Qxf8+ Ka7 45. Qf2 a4 46. Re1 Rb4 47. Qxb6+ Kxb6 48. Re2 Kc5 49. Be6 b5 50. Kg2 Kd6 51. Bf7 a3 52. bxa3 Ra4 53. Re6+ Kc7 54. Be8 Rxa3 55. Bxb5 Rb3 56. Be8 Rd3 57. h4 Rd6 58. Re4 Rh6 59. h5 Kd6 60. Bg6 Kd5 1-0

[Event "TCh-ESP Div Honor 2016"]
[White "Sevian, Samuel"]
[Black "Kryvoruchko, Yuriy"]
[Site "Monzon ESP"]
[Result "1/2-1/2"]
[Date "2016.09.28"]
[WhiteElo "2591"]
[BlackElo "2693"]
[PlyCount "66"]

1. e4 e5 2. Nf3 Nc6 3. Bb5 Nf6 4. d3 Bc5 5. c3 0-0 6. 0-0 d6 7. Bg5 h6 8. Bh4 g5 9. Bg3 Nh5 10. Nbd2 Nxg3 11. hxg3 Qf6 12. Nc4 Bg4 13. b4 Bb6 14. a4 a6 15. Nxb6 cxb6 16. Bc4 Ne7 17. Qe2 Rac8 18. Rac1 Rc6 19. Qe3 Bxf3 20. gxf3 Rfc8 21. Kg2 Kg7 22. Rc2 b5 23. axb5 axb5 24. Bxb5 Rxc3 25. Rxc3 Rxc3 26. Rc1 Rxc1 27. Qxc1 d5 28. Qc7 dxe4 29. dxe4 Nc6 30. Bxc6 bxc6 31. Qd7 h5 32. b5 cxb5 33. Qxb5 Qe6 1/2-1/2

[Event "TCh-ESP Div Honor 2016"]
[White "Saric, Ivan"]
[Black "Cuenca Jimenez, Jose Fernando"]
[Site "Monzon ESP"]
[Result "1/2-1/2"]
[Date "2016.09.28"]
[WhiteElo "2668"]
[BlackElo "2529"]
[PlyCount "110"]

1. e4 c5 2. Nf3 d6 3. d4 cxd4 4. Nxd4 Nf6 5. Nc3 g6 6. Be3 Bg7 7. f3 0-0 8. Qd2 Nc6 9. Bc4 Bd7 10. Bb3 Rc8 11. h4 Ne5 12. h5 Nc4 13. Bxc4 Rxc4 14. 0-0-0 Qc7 15. hxg6 fxg6 16. Bh6 Nxe4 17. Qe3 Rxc3 18. bxc3 Bxh6 19. Rxh6 Nxc3 20. Rdh1 Rf7 21. Rxh7 Rxh7 22. Rxh7 Nxa2+ 23. Kd1 Nc3+ 24. Ke1 Nd5 25. Qh6 Qc3+ 26. Kf1 Qa1+ 27. Ke2 Nf4+ 28. Qxf4 Kxh7 29. Qf7+ Kh6 30. Qf8+ Kh7 31. Qxe7+ Kh6 32. Qf6 Kh7 33. g4 Bb5+ 34. Kd2 Bc4 35. Qe7+ Kg8 36. Qd8+ Kg7 37. Qd7+ Kh8 38. Qxd6 Qa5+ 39. c3 Qa6 40. Qf8+ Kh7 41. Ke3 Qa5 42. Qe7+ Kh8 43. Qe8+ Kg7 44. Qd7+ Bf7 45. Nb5 a6 46. Qd4+ Kg8 47. Nd6 Qg5+ 48. Kd3 Qd5 49. Ne4 Kf8 50. c4 Qxd4+ 51. Kxd4 Ke7 52. f4 b5 53. cxb5 axb5 54. Kc5 Be6 55. Nf2 Bd7 1/2-1/2

[Event "TCh-ESP Div Honor 2016"]
[White "Rubio Mejia, Luis Ignacio"]
[Black "Laznicka, Viktor"]
[Site "Monzon ESP"]
[Result "0-1"]
[Date "2016.09.28"]
[WhiteElo "2447"]
[BlackElo "2651"]
[PlyCount "84"]

1. d4 Nf6 2. c4 e6 3. Nf3 d5 4. Nc3 Nbd7 5. cxd5 exd5 6. Bg5 h6 7. Bh4 c6 8. e3 g5 9. Bg3 Nh5 10. Bd3 Nxg3 11. hxg3 Bg7 12. Qc2 Qe7 13. 0-0-0 Nf6 14. Ne5 Ng4 15. Nxg4 Bxg4 16. Rd2 Be6 17. Kb1 Rc8 18. Bf5 0-0 19. Na4 b6 20. Rc1 c5 21. dxc5 bxc5 22. Bxe6 fxe6 23. e4 c4 24. exd5 exd5 25. Rxd5 Rxf2 26. Qxf2 Qe4+ 27. Qc2 Qxd5 28. Rd1 Qe6 29. Nc3 Rb8 30. Qd2 Qe5 31. Rc1 Qxg3 32. Qd5+ Kh8 33. Qxc4 Qxg2 34. Rc2 Qg1+ 35. Rc1 Qb6 36. Qe2 Qg6+ 37. Ka1 g4 38. Qf2 Qb6 39. Qe2 g3 40. Rf1 Qc5 41. Rf3 Qg1+ 42. Rf1 Qh2 0-1

[Event "TCh-ESP Div Honor 2016"]
[White "Fedorchuk, Sergey A."]
[Black "Espinosa Aranda, Angel"]
[Site "Monzon ESP"]
[Result "1/2-1/2"]
[Date "2016.09.28"]
[WhiteElo "2623"]
[BlackElo "2438"]
[PlyCount "116"]

1. e4 e5 2. Nf3 Nc6 3. Bc4 Bc5 4. 0-0 Nf6 5. d3 d6 6. c3 a6 7. a4 h6 8. Re1 Ba7 9. Nbd2 0-0 10. h3 Nh5 11. d4 Nf4 12. Nf1 Qf6 13. Be3 g5 14. N1h2 h5 15. Bf1 g4 16. hxg4 hxg4 17. Nd2 exd4 18. cxd4 Bxd4 19. Nxg4 Qg7 20. Bxf4 Qxg4 21. Qxg4+ Bxg4 22. Ra3 Kh7 23. Nf3 Be5 24. Nxe5 dxe5 25. Bg3 f6 26. Rc1 Be6 27. Rac3 Rf7 28. f4 exf4 29. Bxf4 Rg8 30. Bxa6 Nd4 31. Bf1 c6 32. Rd1 Rd7 33. Kf2 Ra8 34. Bc4 Bxc4 35. Rxc4 Rad8 36. Rc3 Ne6 37. Rh1+ Kg8 38. Be3 Ra8 39. b3 Ra5 40. Rh4 Re5 41. Kf3 Kg7 42. Ke2 Ng5 43. Rc4 Ne6 44. Rg4+ Kf7 45. Rh4 Kg7 46. Rh3 b5 47. Rxc6 bxa4 48. bxa4 Nd4+ 49. Bxd4 Rxd4 50. Rc7+ Kg6 51. Rg3+ Kh6 52. Rf3 Rexe4+ 53. Kf2 Rxa4 54. Rxf6+ Kg5 55. Rf3 Ra2+ 56. Kg1 Ra1+ 57. Kh2 Rh4+ 58. Rh3 Rxh3+ 1/2-1/2

[Event "TCh-ESP Div Honor 2016"]
[White "Almagro Llamas, Pablo"]
[Black "Korneev, Oleg"]
[Site "Monzon ESP"]
[Result "1/2-1/2"]
[Date "2016.09.28"]
[WhiteElo "2436"]
[BlackElo "2581"]
[PlyCount "83"]

1. d4 d5 2. c4 e6 3. Nc3 Nf6 4. Nf3 Be7 5. Bg5 h6 6. Bh4 0-0 7. e3 Ne4 8. Bxe7 Qxe7 9. Rc1 c6 10. Qc2 Nxc3 11. Qxc3 Nd7 12. Bd3 dxc4 13. Bxc4 b6 14. 0-0 Bb7 15. Be2 c5 16. dxc5 Rfc8 17. b4 bxc5 18. bxc5 Nxc5 19. Qa3 Qf8 20. Ne5 Bd5 21. f3 Nd7 22. Qxf8+ Nxf8 23. Ba6 Rxc1 24. Rxc1 Bxa2 25. Rc7 f6 26. Nc6 e5 27. Bb7 Re8 28. Ne7+ Kh8 29. Bc6 Rd8 30. Rxa7 Be6 31. Be4 Bg8 32. h4 Bh7 33. Bxh7 Kxh7 34. Nf5 Rd7 35. Ra8 Kg8 36. h5 Kf7 37. Kf2 Ne6 38. g4 Rd2+ 39. Kg3 Rd7 40. Ra6 Nc5 41. Rc6 Ne6 42. Rb6 1/2-1/2

[Event "TCh-ESP Div Honor 2016"]
[White "Calzetta Ruiz, Monica"]
[Black "Garcia Martin, Marta"]
[Site "Monzon ESP"]
[Result "0-1"]
[Date "2016.09.28"]
[WhiteElo "2249"]
[BlackElo "2218"]
[PlyCount "110"]

1. e4 c5 2. Nf3 e6 3. d4 cxd4 4. Nxd4 Nc6 5. Nc3 Qc7 6. Be3 a6 7. Qf3 d6 8. 0-0-0 Bd7 9. Qg3 Nf6 10. f4 g6 11. Be2 Bg7 12. Bf3 0-0 13. h4 h5 14. f5 Ne5 15. Bg5 Kh7 16. Rhf1 b5 17. Kb1 Rac8 18. fxg6+ fxg6 19. Nce2 Nxf3 20. gxf3 e5 21. Rg1 exd4 22. Nxd4 Rg8 23. c3 Rce8 24. Bf4 Bf8 25. Qg5 Qd8 26. Ka1 Qe7 27. Rd2 Qg7 28. Qg3 Bc8 29. Bxd6 Bxd6 30. Qxd6 Rd8 31. Qg3 b4 32. cxb4 Nxe4 33. fxe4 Rxd4 34. Rxd4 Qxd4 35. Rc1 Rg7 36. a3 Be6 37. Qe1 Rd7 38. Qe2 Qd6 39. e5 Qd5 40. b3 Qxb3 41. Qb2 Qa4 42. Qc3 Bf7 43. Kb2 Rc7 44. Qf3 Rd7 45. Rc2 Qb5 46. Rc5 Rd2+ 47. Kc1 Qd7 48. e6 Bxe6 49. Rxh5+ Kg7 50. Rc5 Rd3 51. Qe2 Qd6 52. h5 Qf4+ 53. Kc2 Re3 54. Qd2 Qe4+ 55. Kc1 Re1+ 0-1

[Event "TCh-ESP Div Honor 2016"]
[White "Cheparinov, Ivan"]
[Black "Bacrot, Etienne"]
[Site "Monzon ESP"]
[Result "1/2-1/2"]
[Date "2016.09.28"]
[WhiteElo "2677"]
[BlackElo "2692"]
[PlyCount "35"]

1. d4 Nf6 2. c4 e6 3. Nf3 d5 4. g3 Be7 5. Bg2 0-0 6. 0-0 dxc4 7. Qc2 b6 8. Ne5 Qxd4 9. Bxa8 Qxe5 10. Bf3 Nd5 11. Qxc4 Ba6 12. Qa4 Bf6 13. Re1 c5 14. Na3 b5 15. Nxb5 Nb6 16. Qa5 Nc4 17. Qa4 Nb6 18. Qa5 1/2-1/2

[Event "TCh-ESP Div Honor 2016"]
[White "Van Wely, Loek"]
[Black "Oparin, Grigoriy"]
[Site "Monzon ESP"]
[Result "1/2-1/2"]
[Date "2016.09.28"]
[WhiteElo "2674"]
[BlackElo "2626"]
[PlyCount "81"]

1. Nf3 Nf6 2. g3 d5 3. Bg2 c6 4. 0-0 Bg4 5. c4 e6 6. d3 Nbd7 7. cxd5 exd5 8. Nc3 Bc5 9. Qb3 Bb6 10. Na4 0-0 11. Nxb6 axb6 12. Qc2 Re8 13. b3 b5 14. Bb2 Nf8 15. Nd4 Qd7 16. f3 Bh5 17. e4 Bg6 18. Rfe1 h5 19. f4 Ne6 20. Ne2 dxe4 21. dxe4 Qd8 22. f5 Qb6+ 23. Kh1 Ng4 24. h3 Ne3 25. Qc1 Nxg2 26. Kxg2 Bh7 27. Kf1 Rad8 28. fxe6 Rxe6 29. Nf4 Rxe4 30. Rxe4 Bxe4 31. Qc3 f6 32. Re1 Bf5 33. Re7 Rd1+ 34. Ke2 Qg1 35. Rxg7+ Kh8 36. Re7 Qf1+ 37. Ke3 Qg1+ 38. Ke2 Qf1+ 39. Ke3 Qg1+ 40. Ke2 Qf1+ 41. Ke3 1/2-1/2

[Event "TCh-ESP Div Honor 2016"]
[White "Antipov, Mikhail Al."]
[Black "Naiditsch, Arkadij"]
[Site "Monzon ESP"]
[Result "0-1"]
[Date "2016.09.28"]
[WhiteElo "2550"]
[BlackElo "2696"]
[PlyCount "84"]

1. e4 e5 2. Nf3 Nc6 3. g3 Nf6 4. d3 Bc5 5. Bg2 d6 6. 0-0 0-0 7. c3 a6 8. b4 Ba7 9. a4 Ne7 10. Nbd2 Ng6 11. Bb2 Bd7 12. h3 h5 13. Kh2 Re8 14. a5 h4 15. Nc4 d5 16. exd5 e4 17. Nd4 Bb5 18. Re1 exd3 19. Rxe8+ Qxe8 20. Na3 Bxd4 21. cxd4 Rd8 22. Qd2 Nxd5 23. Re1 Qd7 24. Be4 hxg3+ 25. fxg3 f5 26. Bf3 f4 27. Bg4 Qd6 28. Nxb5 axb5 29. Qxd3 Ne3 30. Rxe3 fxe3 31. Qxe3 Qe7 32. Be6+ Kh7 33. Qe4 Qg5 34. Bc3 Re8 35. d5 Kh8 36. h4 Qh6 37. Qd3 Rf8 38. Kg2 Qh5 39. Bd2 Qd1 40. d6 Ne5 41. Bc3 Ng6 42. Qe3 Qh5 0-1

[Event "TCh-ESP Div Honor 2016"]
[White "Gonzalez De La Torre, Santiago"]
[Black "Svetushkin, Dmitry"]
[Site "Monzon ESP"]
[Result "0-1"]
[Date "2016.09.28"]
[WhiteElo "2459"]
[BlackElo "2543"]
[PlyCount "58"]

1. e4 g6 2. d4 Bg7 3. Nc3 c6 4. Be3 d5 5. e5 Nh6 6. Qd2 Nf5 7. Bf4 h5 8. h4 b6 9. Nf3 Ba6 10. Bxa6 Nxa6 11. e6 fxe6 12. Ne5 Bxe5 13. Bxe5 Rg8 14. g4 hxg4 15. Qe2 Nb8 16. 0-0-0 Nd7 17. Bf4 Nf6 18. Qxe6 Qd7 19. Qe5 Qd6 20. Rde1 Qxe5 21. Rxe5 Nxd4 22. Rhe1 Rg7 23. Bg5 Kd7 24. Rd1 Nf3 25. Re3 Rf7 26. Ne4 Nxe4 27. Rxe4 Nxg5 28. hxg5 Rxf2 29. Rxg4 Rh8 0-1

[Event "TCh-ESP Div Honor 2016"]
[White "Santos Latasa, Jaime"]
[Black "Franco Alonso, Alejandro"]
[Site "Monzon ESP"]
[Result "1/2-1/2"]
[Date "2016.09.28"]
[WhiteElo "2569"]
[BlackElo "2426"]
[PlyCount "70"]

1. e4 c5 2. Nf3 e6 3. g3 Nc6 4. Bg2 Nf6 5. d3 d6 6. 0-0 Be7 7. Qe2 0-0 8. c3 Bd7 9. Nbd2 Rc8 10. a3 b5 11. Ne1 Ne8 12. Nc2 a5 13. f4 Nc7 14. Ne3 Re8 15. a4 b4 16. Ndc4 Rb8 17. f5 bxc3 18. bxc3 exf5 19. Nxf5 Bxf5 20. Rxf5 Bf6 21. Qe1 d5 22. Ne3 Ne5 23. exd5 Nxd3 24. Qd2 Nxc1 25. Rxc1 Bg5 26. Re1 g6 27. Rff1 Rxe3 28. Rxe3 Nxd5 29. Qxd5 Bxe3+ 30. Kh1 Qxd5 31. Bxd5 Rf8 32. Rb1 Bd2 33. Rb5 Bxc3 34. Rxc5 Bb4 35. Rc7 h5 1/2-1/2

[Event "TCh-ESP Div Honor 2016"]
[White "Argandona Riveiro, Inigo"]
[Black "Perez Candelario, Manuel"]
[Site "Monzon ESP"]
[Result "0-1"]
[Date "2016.09.28"]
[WhiteElo "2453"]
[BlackElo "2574"]
[PlyCount "162"]

1. d4 Nf6 2. Nf3 g6 3. c4 Bg7 4. Nc3 d6 5. e4 0-0 6. Be3 e5 7. dxe5 dxe5 8. Qxd8 Rxd8 9. Nd5 Na6 10. Rd1 Re8 11. Nxf6+ Bxf6 12. a3 b6 13. Nd2 Bb7 14. f3 Rad8 15. Nb1 c6 16. b4 Nc7 17. c5 b5 18. Nd2 Ne6 19. Nb3 Rxd1+ 20. Kxd1 Bd8 21. Kc2 Bc7 22. g3 Bc8 23. Bd3 f6 24. Ra1 a6 25. a4 Nd8 26. Nc1 Bb8 27. Ne2 Ne6 28. axb5 axb5 29. Nc1 Kf7 30. Nb3 Ke7 31. Rd1 Bd7 32. Na5 Bc7 33. Ra1 Ra8 34. Kc3 h5 35. Bc2 Ra6 36. Bb3 Nd8 37. Nxc6+ Rxc6 38. Bd5 Bc8 39. Ra7 Kd7 40. Bxc6+ Nxc6 41. Ra8 Bb8 42. Ra2 Bb7 43. g4 hxg4 44. fxg4 Ne7 45. Kd3 f5 46. exf5 gxf5 47. gxf5 Nxf5 48. Rf2 Ke6 49. Bg5 e4+ 50. Kd2 Be5 51. h4 Bd4 52. Rh2 e3+ 53. Kd3 Ke5 54. Rh3 Bg2 55. Rxe3+ Bxe3 56. Bxe3 Nxh4 57. c6 Bxc6 58. Bc5 Be4+ 59. Kc3 Bd5 60. Bd4+ Ke4 61. Bc5 Ng6 62. Bd6 Bc4 63. Bc5 Nf4 64. Bf8 Bf1 65. Bc5 Kd5 66. Bf8 Ne6 67. Be7 Bh3 68. Kd3 Bf5+ 69. Kc3 Bg6 70. Bh4 Ng7 71. Be7 Nf5 72. Bf8 Ng3 73. Be7 Ne4+ 74. Kd3 Nc5+ 75. Kc3 Na4+ 76. Kb3 Kd4 77. Bd8 Kd3 78. Be7 Bf7+ 79. Ka3 Kc2 80. Bf6 Nb6 81. Bg7 Bb3 0-1

[Event "TCh-ESP Div Honor 2016"]
[White "Hernandez Estevez, Yudania"]
[Black "Buiza Prieto, Eihartze"]
[Site "Monzon ESP"]
[Result "1-0"]
[Date "2016.09.28"]
[WhiteElo "2224"]
[BlackElo "2093"]
[PlyCount "65"]

1. e4 c5 2. Nf3 Nc6 3. Bb5 d6 4. 0-0 Bd7 5. Re1 a6 6. Bf1 Bg4 7. h3 Bh5 8. g4 Bg6 9. d4 cxd4 10. Nxd4 e6 11. Nc3 h5 12. g5 Qc7 13. Be3 Nxd4 14. Bxd4 Ne7 15. f4 h4 16. Qf3 Nc6 17. Be3 Be7 18. Qf2 Bh5 19. Bg2 f6 20. f5 fxg5 21. fxe6 Rf8 22. Nd5 Qc8 23. Qd2 Bd8 24. Bxg5 Ba5 25. c3 Bf3 26. Rf1 Ne5 27. b4 Bc7 28. Rf2 Bxg2 29. Kxg2 Ng6 30. Raf1 Rh8 31. Rf7 Bd8 32. Bxd8 Kxd8 33. Qg5+ 1-0

[Event "TCh-ESP Div Honor 2016"]
[White "Harikrishna, Pentala"]
[Black "Radjabov, Teimour"]
[Site "Monzon ESP"]
[Result "1/2-1/2"]
[Date "2016.09.28"]
[WhiteElo "2752"]
[BlackElo "2722"]
[PlyCount "60"]

1. e4 c5 2. Nf3 Nc6 3. d4 cxd4 4. Nxd4 e5 5. Nb5 d6 6. N1c3 a6 7. Na3 Nf6 8. Bg5 Be6 9. Nc4 Rb8 10. Nd5 Bxd5 11. Bxf6 Qxf6 12. Qxd5 Nb4 13. Qd2 d5 14. a3 dxc4 15. axb4 Rd8 16. Qe3 Qg6 17. c3 Be7 18. h4 0-0 19. h5 Qg4 20. g3 b5 21. Be2 Qe6 22. 0-0 Rd6 23. Rfd1 Rfd8 24. Rxd6 Rxd6 25. Rd1 Rxd1+ 26. Bxd1 g6 27. Qd2 Qc6 28. hxg6 hxg6 29. Bf3 Kg7 30. Kg2 Qe6 1/2-1/2

[Event "TCh-ESP Div Honor 2016"]
[White "Dominguez Perez, Leinier"]
[Black "Adhiban, Baskaran"]
[Site "Monzon ESP"]
[Result "1-0"]
[Date "2016.09.28"]
[WhiteElo "2720"]
[BlackElo "2671"]
[PlyCount "77"]

1. e4 e5 2. Nf3 Nc6 3. Bb5 a6 4. Ba4 Nf6 5. 0-0 Bc5 6. Bxc6 dxc6 7. d3 Nd7 8. Nbd2 0-0 9. Nc4 Re8 10. Kh1 Bf8 11. Bd2 c5 12. b3 b6 13. Bc3 Bd6 14. a4 Bb7 15. Nfd2 Nf8 16. Qg4 Ng6 17. Ne3 Bf8 18. Nf5 Bc8 19. g3 f6 20. f4 Kh8 21. Nf3 exf4 22. gxf4 Bxf5 23. Qxf5 Bd6 24. Rg1 Qc8 25. Qh5 Nxf4 26. Qh6 Ne6 27. Bxf6 Bf8 28. Rxg7 Bxg7 29. Ng5 Kg8 30. Qxh7+ Kf8 31. Rf1 Re7 32. Nxe6+ Rxe6 33. Bxg7+ Ke7 34. Be5+ Ke8 35. Qf7+ Kd8 36. Bf6+ Rxf6 37. Qxf6+ Kd7 38. Qf7+ Kd8 39. Rg1 1-0

[Event "TCh-ESP Div Honor 2016"]
[White "Ganguly, Surya Shekhar"]
[Black "Rapport, Richard"]
[Site "Monzon ESP"]
[Result "0-1"]
[Date "2016.09.28"]
[WhiteElo "2672"]
[BlackElo "2752"]
[PlyCount "48"]

1. e4 e5 2. Nf3 Nc6 3. Bb5 a6 4. Ba4 Nf6 5. 0-0 Be7 6. Re1 b5 7. Bb3 d6 8. c3 0-0 9. h3 Na5 10. Bc2 c5 11. d4 Qc7 12. Nbd2 Re8 13. b3 g6 14. Bb2 Bf8 15. a3 c4 16. b4 exd4 17. Nxd4 Nc6 18. N2f3 Nxd4 19. Nxd4 d5 20. exd5 Bb7 21. a4 Nxd5 22. axb5 Nf4 23. bxa6 Bxg2 24. f3 Nd3 0-1

[Event "TCh-ESP Div Honor 2016"]
[White "Vallejo Pons, Francisco"]
[Black "Delchev, Aleksander"]
[Site "Monzon ESP"]
[Result "1/2-1/2"]
[Date "2016.09.28"]
[WhiteElo "2716"]
[BlackElo "2591"]
[PlyCount "81"]

1. d4 Nf6 2. c4 e6 3. Nf3 d5 4. Nc3 c5 5. cxd5 Nxd5 6. g3 cxd4 7. Nxd5 Qxd5 8. Qxd4 Qb5 9. Bd2 Nc6 10. Qc3 e5 11. a4 Qd5 12. Bg2 Bb4 13. Qe3 Bxd2+ 14. Qxd2 Be6 15. 0-0 Qxd2 16. Nxd2 0-0-0 17. Ne4 Nd4 18. e3 Nb3 19. Rad1 Kb8 20. Nd6 Rd7 21. f4 exf4 22. gxf4 Rhd8 23. f5 Bc4 24. Rf4 Ba6 25. Rb4 Rxd6 26. Rxd6 Rxd6 27. Rxb3 Rd3 28. Rb4 Rxe3 29. Rh4 Re1+ 30. Kf2 Re5 31. Rxh7 Rxf5+ 32. Ke3 Rg5 33. Bf3 Kc7 34. h4 Rg1 35. Kf2 Bd3 36. Rh5 Rb1 37. Ke3 Ba6 38. Rh7 Rg1 39. Bd5 f6 40. h5 Kd6 41. Ke4 1/2-1/2

[Event "TCh-ESP Div Honor 2016"]
[White "Edouard, Romain"]
[Black "Cacho Reigadas, Sergio"]
[Site "Monzon ESP"]
[Result "1-0"]
[Date "2016.09.28"]
[WhiteElo "2635"]
[BlackElo "2520"]
[PlyCount "41"]

1. d4 d6 2. Nf3 Nf6 3. c4 Nbd7 4. Nc3 e5 5. g3 Be7 6. Bg2 0-0 7. 0-0 c6 8. Qc2 Re8 9. h3 Qc7 10. Bd2 Bf8 11. Rac1 a5 12. e4 g6 13. Be3 exd4 14. Nxd4 Nc5 15. Rfe1 a4 16. b4 axb3 17. axb3 Qa5 18. Rb1 Qb4 19. Qd2 Na6 20. Nc2 Qa5 21. Nd5 1-0

[Event "TCh-ESP Div Honor 2016"]
[White "Matnadze, Ana"]
[Black "Vega Gutierrez, Sabrina"]
[Site "Monzon ESP"]
[Result "1/2-1/2"]
[Date "2016.09.28"]
[WhiteElo "2383"]
[BlackElo "2411"]
[PlyCount "84"]

1. d4 d5 2. g3 c5 3. c4 dxc4 4. Nf3 Nf6 5. Bg2 Nc6 6. Qa4 cxd4 7. Nxd4 Qxd4 8. Bxc6+ Bd7 9. Be3 Bxc6 10. Qxc6+ Qd7 11. Qxd7+ Nxd7 12. Na3 Rc8 13. Rc1 e6 14. Nxc4 Bb4+ 15. Kf1 Ke7 16. a3 Bc5 17. Bd2 Nf6 18. Kg2 Ne4 19. Be1 f6 20. Na5 b6 21. Nb7 Bd6 22. Rd1 Rc7 23. Nxd6 Nxd6 24. Bb4 Rd8 25. Rc1 Rdc8 26. Rxc7+ Rxc7 27. Rd1 Rc6 28. a4 a5 29. Ba3 e5 30. Kf3 Ke6 31. Bxd6 Rxd6 32. Rc1 Kd7 33. Rc3 Rd4 34. b3 h5 35. h3 Rb4 36. e4 g6 37. Ke3 f5 38. f3 Kd6 39. Rd3+ Ke6 40. Rc3 Kd6 41. Rd3+ Ke6 42. Rc3 Kd6 1/2-1/2

[Event "TCh-ESP Div Honor 2016"]
[White "Banusz, Tamas"]
[Black "Radjabov, Teimour"]
[Site "Monzon ESP"]
[Result "1-0"]
[Date "2016.09.29"]
[WhiteElo "2613"]
[BlackElo "2722"]
[PlyCount "81"]

1. Nf3 Nf6 2. c4 g6 3. g3 Bg7 4. Bg2 0-0 5. d4 d6 6. 0-0 Nc6 7. Nc3 e5 8. dxe5 dxe5 9. Bg5 Be6 10. Nd2 Qc8 11. Nd5 Nd7 12. b4 h6 13. Be3 Re8 14. Rc1 Nd4 15. Bxd4 exd4 16. Nb3 c5 17. bxc5 Nxc5 18. Nxd4 Bh3 19. Nb5 Bxg2 20. Kxg2 Re5 21. f4 Re4 22. Nd6 Qe6 23. Nxe4 Qxe4+ 24. Rf3 Re8 25. Rc2 g5 26. h3 Ne6 27. Qd3 Nd4 28. Qxe4 Rxe4 29. Re3 Rxe3 30. Nxe3 gxf4 31. gxf4 Nxc2 32. Nxc2 Kf8 33. Ne3 Ke8 34. Nf5 Bf8 35. e4 Kd7 36. e5 Kc6 37. Kf3 Kc5 38. Ke4 a5 39. Kd3 a4 40. Kc3 b6 41. Nd6 1-0

[Event "TCh-ESP Div Honor 2016"]
[White "Dominguez Perez, Leinier"]
[Black "Baklan, Vladimir"]
[Site "Monzon ESP"]
[Result "1-0"]
[Date "2016.09.29"]
[WhiteElo "2720"]
[BlackElo "2619"]
[PlyCount "91"]

1. e4 e6 2. d4 d5 3. Nc3 Nf6 4. e5 Nfd7 5. f4 c5 6. Nf3 Be7 7. Be3 0-0 8. Qd2 b6 9. h4 Ba6 10. 0-0-0 Bxf1 11. Rhxf1 Nc6 12. f5 cxd4 13. Nxd4 Ncxe5 14. fxe6 Nf6 15. Bf4 Nc4 16. Qe2 Qc8 17. Nf5 Ba3 18. bxa3 Qc5 19. Nb1 Qb5 20. c3 Ne4 21. e7 Rfe8 22. Be5 f6 23. Bd4 Rac8 24. a4 Qxa4 25. Qg4 Kf7 26. Qxg7+ Ke6 27. Qg4 Qxa2 28. Ne3+ Kxe7 29. Bxf6+ Kd6 30. Rxd5+ Kc7 31. Nxc4 Qxc4 32. Rfd1 Kb7 33. R5d4 Qe6 34. Qxe6 Rxe6 35. Bg7 Nc5 36. Rd8 Re2 37. Na3 Rxg2 38. Rxc8 Kxc8 39. Bh6 Rg4 40. Bg5 h6 41. Be7 Ne4 42. Nb5 Rg3 43. Kb2 Rg2+ 44. Ka3 Nd2 45. Nxa7+ Kd7 46. Bf8 1-0

[Event "TCh-ESP Div Honor 2016"]
[White "Kuzubov, Yuriy"]
[Black "Rapport, Richard"]
[Site "Monzon ESP"]
[Result "1-0"]
[Date "2016.09.29"]
[WhiteElo "2629"]
[BlackElo "2752"]
[PlyCount "81"]

1. d4 d5 2. c4 e6 3. Nf3 Nf6 4. Nc3 Nbd7 5. cxd5 exd5 6. Bg5 c6 7. e3 Be7 8. Bd3 0-0 9. Qc2 Re8 10. 0-0 h6 11. Bf4 Nf8 12. h3 a6 13. Rab1 Ne6 14. Bh2 Bd6 15. Bxd6 Qxd6 16. b4 Nd7 17. Rfe1 b6 18. e4 Bb7 19. e5 Qc7 20. Rec1 Ndf8 21. Ne2 a5 22. a3 axb4 23. axb4 Ra3 24. Qd2 Rea8 25. Ng3 Ng6 26. Rc3 Ngf4 27. Bf5 Ra2 28. Qe3 Ra1 29. Rxa1 Rxa1+ 30. Kh2 Qe7 31. Bxe6 Nxe6 32. Nf5 Qxb4 33. Rb3 Qa5 34. Nxh6+ gxh6 35. Qxh6 Ra3 36. Ng5 Nxg5 37. Qxg5+ Kf8 38. Qd8+ Kg7 39. Qf6+ Kg8 40. e6 fxe6 41. Qxe6+ 1-0